Pokémon aléatoire par image - Statistiques

Statistiques générales
  • Ce quiz a été pris 835 fois
    748 depuis la dernière actualisation
  • Le résultat moyen est 12 sur 20
Statistiques - réponses
Par images Réponse % Correct
Absol
100%
Airmure
100%
Arcanin
100%
Axoloto
100%
Batracné
100%
Békipan
100%
Ceribou
100%
Dracaufeu
100%
Drascore
100%
Entei
100%
Évoli
100%
Fantominus
100%
Gardevoir
100%
Goupix
100%
Gouroutan
100%
Héricendre
100%
Kabuto
100%
Kangourex
100%
Lippoutou
100%
Lugia
100%
Meltan
100%
Minotaupe
100%
Mysdibule
100%
Noadkoko
100%
Ptitard
100%
Racaillou
100%
Rondoudou
100%
Ronflex
100%
Sulfura
100%
Taupiqueur
100%
Vivaldaim
100%
Voltali
100%
Zekrom
100%
Mew
94%
Altaria
92%
Bétochef
92%
Métamorph
92%
Minidraco
92%
Smogo
92%
Germignon
91%
Krabby
91%
Ortide
91%
Rapion
91%
Scalproie
91%
Branette
90%
Gallame
90%
Gravalanch
90%
Mystherbe
90%
Nidoqueen
90%
Sabelette
90%
Xerneas
90%
Dialga
89%
Ectoplasma
89%
Flagadoss
89%
Passerouge
89%
Poissirène
89%
Psykokwak
89%
Ptéra
89%
Riolu
89%
Aéromite
88%
Cornèbre
88%
Genesect
88%
Givrali
88%
Tortank
88%
Abo
86%
Apireine
86%
Arceus
86%
Cadoizo
86%
Caninos
86%
Hexagel
86%
Malosse
86%
Meloetta
86%
Otaquin
86%
Pikachu
86%
Poussifeu
86%
Tournegrin
86%
Wailmer
86%
Amphinobi
85%
Chenipotte
85%
Herbizarre
85%
Arakdo
83%
Dodrio
83%
Groudon
83%
Libégon
83%
Magirêve
83%
Mélodelfe
83%
Nidoran♀
83%
Ponyta
83%
Pyronille
83%
Tentacool
83%
Aquali
82%
Bulbizarre
82%
Gobou
82%
Mangriff
82%
Regigigas
82%
Alakazam
80%
Amonistar
80%
Baggaïd
80%
Corboss
80%
Corvaillus
80%
Darkrai
80%
Escargaume
80%
Goupix d'Alola
80%
Gueriaigle
80%
Keldeo
80%
Limagma
80%
Lunala
80%
Machoc
80%
Magicarpe
80%
Nidoking
80%
Pyrobut
80%
Scolocendre
80%
Spiritomb
80%
Tortipouss
80%
Viridium
80%
Latias
78%
Migalos
78%
Phione
78%
Scorplane
78%
Solaroc
78%
Voltoutou
78%
Balbuto
77%
Mimiqui
77%
Aligatueur
75%
Arbok
75%
Baggiguane
75%
Cacnea
75%
Cacturne
75%
Carapuce
75%
Coatox
75%
Crikzik
75%
Dardargnan
75%
Diancie
75%
Dynavolt
75%
Grolem
75%
Miaouss
75%
Milobellus
75%
Pifeuil
75%
Porygon-Z
75%
Smogogo
75%
Sucroquin
75%
Zygarde
75%
Mammochon
73%
Phyllali
73%
Roucoups
73%
Shaofouine
73%
Camerupt
71%
Écrémeuh
71%
Embrylex
71%
Hypotrempe
71%
Leuphorie
71%
Mascaïman
71%
Prinplouf
71%
Raichu d'Alola
71%
Wattouat
71%
Akwakwak
70%
Boumata
70%
Débugant
70%
Fouinar
70%
Onix
70%
Sablaireau
70%
Spoink
70%
Venipatte
70%
Vortente
70%
Zeraora
70%
Brutapode
69%
Clic
69%
Créhelf
69%
Dedenne
69%
Iguolta
69%
Ouvrifier
69%
Angoliath
67%
Arboliva
67%
Bouldeneu
67%
Briochien
67%
Carchacrok
67%
Darumacho
67%
Dolman
67%
Écrapince
67%
Ékaiser
67%
Félinferno
67%
Groret
67%
Kokiyas
67%
Larvibule
67%
Lumivole
67%
Malamandre
67%
Mastouffe
67%
Mateloutre
67%
Miasmax
67%
Registeel
67%
Rubombelle
67%
Sorbébé
67%
Tadmorv
67%
Togedemaru
67%
Vibraninf
67%
Crocorible
64%
Dimoclès
64%
Draby
64%
Goinfrex
64%
Otarlette
64%
Phogleur
64%
Tengalice
64%
Baojian
63%
Flagadoss de Galar
63%
Granbull
63%
Lougaroc
63%
Morpeko
63%
Scobolide
63%
Tokopisco
63%
Caratroc
62%
Ludicolo
62%
Zacian
62%
Aflamanoir
60%
Apitrini
60%
Barpau
60%
Brocélôme
60%
Cancrelove
60%
Cocotine
60%
Coquiperl
60%
Électhor
60%
Flabébé
60%
Fourbelin
60%
Frison
60%
Goélise
60%
Grainipiot
60%
Larveyette
60%
Marshadow
60%
Méganium
60%
Motisma
60%
Nidorino
60%
Regice
60%
Scalpion
60%
Soporifik
60%
Tutafeh
60%
Bamboiselle
58%
Tadmorv d'Alola
58%
Babimanta
57%
Bacabouh
57%
Couverdure
57%
Élecsprint
57%
Gaulet
57%
Hippopotas
57%
Piclairon
57%
Psystigri
57%
Ptiravi
57%
Ramoloss
57%
Solochi
57%
Tyranocif
57%
Drakkarmin
56%
Heatran
56%
Koraidon
56%
Paume-de-Fer
56%
Pérégrain
56%
Sapereau
56%
Terracool
56%
Dragmara
55%
Makuhita
55%
Stalgamin
55%
Type:0
55%
Ursaking Lune Vermeille
55%
Yuyu
55%
Déflaisan
54%
Galvaran
54%
Armulys
50%
Balignon
50%
Blindalys
50%
Câblifère
50%
Candine
50%
Cerfrousse
50%
Chelours
50%
Coudlangue
50%
Crabaraque
50%
Crèmy
50%
Dodoala
50%
Écaïd
50%
Écayon
50%
Funécire
50%
Galekid
50%
Gamblast
50%
Hippodocus
50%
Judokrak
50%
Kapoera
50%
Mistigrix
50%
Moustillon
50%
Nounourson
50%
Rafflésia
50%
Ramboum
50%
Relicanth
50%
Rhinocorne
50%
Roublenard
50%
Salarsen
50%
Skitty
50%
Sulfura de Galar
50%
Togetic
50%
Toxizap
50%
Triopikeau
50%
Tropius
50%
Tutankafer
50%
Typhlosion
50%
Vostourno
50%
Yanma
50%
Charkos
46%
Exagide
45%
Nigosier
45%
Aéroptéryx
44%
Cabriolaine
44%
Darumarond de Galar
44%
Élekable
44%
Octillery
44%
Prismillon
44%
Triopikeur d'Alola
44%
Colimucus
43%
Fantyrm
43%
Floravol
43%
Roue-de-Fer
43%
Tylton
43%
Bleuseille
42%
Chovsourir
40%
Efflèche
40%
Fluvetin
40%
Hexadron
40%
Katagami
40%
Kranidos
40%
Pomdepik
40%
Têtes-de-Fer
40%
Anchwatt
38%
Arcanin de Hisui
38%
Fragroin
38%
Fulgudog
38%
Grahyèna
38%
Mandrillon
38%
Amovénus
33%
Carapagos
33%
Craparoi
33%
Cresselia
33%
Démétéros
33%
Épine-de-Fer
33%
Kaorine
33%
Khélocrok
33%
Lucanon
33%
Maskadra
33%
Miamiasme
33%
Miaouss de Galar
33%
Moumouflon
33%
Moyade
33%
Rampe-Ailes
33%
Vrombi
33%
Vrombotor
33%
Wimessir
33%
Fragilady
32%
Blancoton
30%
Canarticho de Galar
30%
Muplodocus
30%
Spectreval
30%
Amagara
29%
Blizzeval
29%
Poltchageist
29%
Pondralugon
29%
Volcanion
29%
Zapétrel
29%
Desseliande
27%
Frissonille
27%
Archéduc de Hisui
25%
Cerbyllin
25%
Coupenotte
25%
Famignol
25%
Hotte-de-Fer
25%
Lançargot
25%
Miraidon
25%
Sylveroy
25%
Ampibidou
22%
Nigirigon
22%
Pachyradjah
22%
Paragruel
22%
Araqua
20%
Excavarenne
20%
Hydragla
20%
Insolourdo
20%
Séracrawl de Hisui
20%
Tissenboule
20%
Vigoroth
20%
Amassel
18%
Grillepattes
18%
Caninos de Hisui
17%
Feu-Perçant
17%
Noadkoko d'Alola
17%
Grondogue
14%
Incisache
14%
Lilia
14%
Argouste
11%
Flamenroule
11%
Pierroteknik
10%
Charibari
8%
Virovent
8%
Cryodo
0%
Dogrino
0%
Seprente-Eau
0%
Sovkipou
0%
Tomberro
0%
Virevorreur
0%
Aucun quiz correspondant
Distribution des résultats
% des personnes avec chaque résultat
Percentile par nombre de réponses
Votre historique - résultats
Vous n’avez pas pris ce quiz depuis la dernière actualisation